000 00300nam a22001337a 4500
008 170926b xxu||||| |||| 00| 0 eng d
020 _a2900131908023
041 _aeng
080 _a37
100 _a46
101 _aEDU
245 _aSTRATEGIES FOR SUCCESSFUL WRITING
_cREINKING
942 _2udc
_cBK
999 _c29930
_d29930